000 00219 a2200097 4500
001 41420
100 _aDietz, D
245 _aAtomic science, books and power
260 _aN.y
_bDodd, Mead & Lo
_c
090 _c25595
_d25595
942 _aNUST-CAE
_c
_c17330
999 _c276493
_d276493